[Event "AUTO-MASTER-1087"]
[Site "http://www.queenalice.com/game.php?id=757638"]
[Date "2010.4.7"]
[Round "1"]
[White "marat"]
[Black "Alexandrovinsk"]
[Result "1/2-1/2"]
[WhiteElo "2002"]
[BlackElo "2188"]

1. d4 Nf6 2. c4 b6 3. Nf3 Bb7 4. g3 e6 5. Bg2 Be7 6. O-O O-O 7. Nc3 d6 8. b3
Nbd7 9. Bb2 c5 10. Qc2 cxd4 11. Nxd4 Qc8 12. Rad1 Bxg2 13. Kxg2 Qb7+ 14. Kg1 a6
15. Nf3 Rac8 16. Ba3 Nc5 17. Bxc5 dxc5 18. Rd2 Rfd8 19. Rfd1 Qc7 20. Ne4 Rxd2
21. Rxd2 Rd8 22. Rxd8+ Qxd8 23. Nxf6+ Bxf6 24. Qe4 h6 25. Qd3 Qxd3 26. exd3 Kf8
27. Kf1 Ke7 28. Ke2 Kd6 29. Nd2 Bd4 30. f4 f5 31. Nf1 e5 32. Kf3 g5 33. h3 Ke6
34. a3 a5 1/2-1/2

[Event "AUTO-OPEN-1960"]
[Site "http://www.queenalice.com/game.php?id=767542"]
[Date "2010.4.28"]
[Round "1"]
[White "marat"]
[Black "Givanildo"]
[Result "1-0"]
[WhiteElo "1990"]
[BlackElo "1457"]

1. e4 e5 2. Nf3 d6 3. d4 Bg4 4. dxe5 dxe5 5. Qxd8+ Kxd8 6. Nxe5 Be6 7. Nc3 c6 8.
f4 Bb4 9. f5 Bd6 10. Bf4 Bxe5 11. Bxe5 Bd7 12. Bxg7 Nf6 13. Bxf6+ Ke8 14. Bxh8
Na6 15. Bxa6 bxa6 16. O-O-O Ke7 17. Bd4 f6 18. Bc5+ Ke8 19. Rd6 Rd8 20. Rhd1 h5
21. Rxd7 Rxd7 22. Rxd7 Kxd7 23. Bxa7 h4 24. Bd4 Ke7 25. Kd2 Kd6 26. Bxf6 Kc5 27.
Bxh4 Kc4 28. f6 c5 29. f7 1-0

[Event "AUTO-OPEN-1960"]
[Site "http://www.queenalice.com/game.php?id=767543"]
[Date "2010.4.28"]
[Round "1"]
[White "Givanildo"]
[Black "marat"]
[Result "0-1"]
[WhiteElo "1430"]
[BlackElo "2009"]

1. e4 e5 2. Bc4 Nf6 3. d3 d5 4. Bb5+ c6 5. Ba4 Qa5+ 6. Nc3 d4 7. b4 Bxb4 8. Ne2
Qxa4 9. Bd2 dxc3 10. Be3 Be6 11. O-O Nbd7 12. Bc1 O-O 13. a3 Ba5 14. Bg5 h6 15.
Bxf6 Nxf6 16. Nc1 Rad8 17. Re1 Nxe4 18. Rxe4 Qxe4 19. dxe4 Rxd1# 0-1

[Event "AUTO-OPEN-1960"]
[Site "http://www.queenalice.com/game.php?id=767544"]
[Date "2010.4.28"]
[Round "1"]
[White "marat"]
[Black "faresjo"]
[Result "1-0"]
[WhiteElo "2028"]
[BlackElo "1988"]

1. d4 Nf6 2. c3 e6 3. Bg5 d5 4. Nd2 Bd6 5. e4 dxe4 6. Nxe4 Be7 7. Nxf6+ Bxf6 8.
Bxf6 Qxf6 9. Nf3 O-O 10. Bd3 Nc6 11. O-O Bd7 12. Qc2 h6 13. Rfe1 Ne7 14. Ne5
Rfd8 15. Re3 Bc6 16. Nxc6 Nxc6 17. Rf3 Qg5 18. Re1 Ne7 19. Re5 Qh4 20. Qb3 Rab8
21. Qa3 Re8 22. Bb5 c6 23. Bc4 Ng6 24. Ree3 Qg4 25. h3 Qg5 26. Qb3 Nh4 27. Rg3
Qf5 28. Rg4 Ng6 29. Bd3 Qf6 30. Rf3 Qe7 31. Bxg6 fxg6 32. Rxg6 Kh7 33. Qc2 Kh8
34. Rfg3 Rg8 35. Qe4 Rbe8 36. Re3 1-0

[Event "AUTO-OPEN-1960"]
[Site "http://www.queenalice.com/game.php?id=767545"]
[Date "2010.4.28"]
[Round "1"]
[White "faresjo"]
[Black "marat"]
[Result "0-1"]
[WhiteElo "2005"]
[BlackElo "1978"]

1. e4 e5 2. Nf3 Nf6 3. Nc3 Nc6 4. Bc4 Be7 5. O-O Nxe4 6. Bxf7+ Kxf7 7. Nxe4 d5
8. Ng3 Bg4 9. d3 Rf8 10. Ng5+ Bxg5 11. Qxg4 Bf6 12. Nh5 Qd6 13. Nxf6 gxf6 14.
Qh5+ Ke7 15. Qxh7+ Rf7 16. Qh5 Rg8 17. f4 Rfg7 18. g3 Nd4 19. fxe5 fxe5 20. Rf2
Ne6 21. Bh6 Rh7 22. Qh4+ Kd7 23. Qa4+ c6 24. Bd2 a6 25. Raf1 e4 26. Bf4 Qc5 27.
dxe4 Nxf4 0-1

[Event "AUTO-OPEN-1960"]
[Site "http://www.queenalice.com/game.php?id=767546"]
[Date "2010.4.28"]
[Round "1"]
[White "marat"]
[Black "GridKnit"]
[Result "1/2-1/2"]
[WhiteElo "2044"]
[BlackElo "2113"]

1. d4 Nf6 2. c4 e6 3. Nf3 b6 4. Nc3 Be7 5. e4 Bb7 6. e5 Ne4 7. Bd3 Nxc3 8. bxc3
O-O 9. Qc2 h6 10. O-O Bxf3 11. gxf3 a5 12. a4 c5 13. d5 d6 14. Bf4 dxe5 15. Bxe5
Nd7 16. Bg3 exd5 17. cxd5 Nf6 18. c4 Bd6 19. Rab1 Rb8 20. Rfe1 Bxg3 21. fxg3 Qd6
22. Re2 Rbe8 23. Rbe1 Rxe2 24. Rxe2 Re8 25. Rxe8+ Nxe8 26. Qe2 Nf6 27. Kf2 Kf8
28. Bf5 Qe7 29. h4 Qxe2+ 30. Kxe2 Ke7 31. Ke3 Ne8 32. g4 Nd6 33. Bd3 g5 34. h5
Kf6 35. f4 Ne8 36. Bf5 Nd6 1/2-1/2

[Event "AUTO-OPEN-1960"]
[Site "http://www.queenalice.com/game.php?id=767547"]
[Date "2010.4.28"]
[Round "1"]
[White "GridKnit"]
[Black "marat"]
[Result "1-0"]
[WhiteElo "2095"]
[BlackElo "1946"]

1. d4 d5 2. Nf3 Nf6 3. g3 Bf5 4. Bg2 e6 5. O-O Bd6 6. Nbd2 c5 7. c3 Nbd7 8. Re1
O-O 9. Nh4 Bg6 10. Nxg6 fxg6 11. Bh3 e5 12. dxe5 Nxe5 13. Qb3 Qc7 14. Be6+ Kh8
15. Bxd5 Rab8 16. Bg2 b5 17. Qc2 Nfg4 18. Ne4 c4 19. h3 Nf6 20. Nxd6 Qxd6 21.
Bf4 Nh5 22. Bxe5 Qxe5 23. e3 Rbd8 24. f4 Qc5 25. Kh2 Rd3 26. Qf2 Re8 27. Rad1
Red8 28. Bf3 Nf6 29. Kg2 a5 30. Qe2 Rxd1 31. Rxd1 Rxd1 32. Qxd1 Kg8 33. Qd4 Qc7
34. e4 Qb8 35. e5 Ne8 36. Bd5+ Kf8 37. Qc5+ 1-0

[Event "AUTO-MASTER-1104"]
[Site "http://www.queenalice.com/game.php?id=767694"]
[Date "2010.4.28"]
[Round "1"]
[White "DenisDiaz"]
[Black "marat"]
[Result "1-0"]
[WhiteElo "2035"]
[BlackElo "1936"]

1. e4 e5 2. Nf3 Nc6 3. d4 exd4 4. Nxd4 Bc5 5. Be3 Qf6 6. c3 Nge7 7. Be2 O-O 8.
O-O d6 9. b4 Bb6 10. a4 Bxd4 11. Bxd4 Nxd4 12. cxd4 Nc6 13. Nc3 Qxd4 14. Qxd4
Nxd4 15. Bd1 Nc6 16. b5 Nd4 17. Rc1 Be6 18. Nd5 Bxd5 19. exd5 Rac8 20. Re1 f6
21. Re7 Rf7 22. Rxf7 Kxf7 23. g4 c6 24. bxc6 bxc6 25. dxc6 Rxc6 26. Rxc6 Nxc6
27. Kf1 d5 28. f4 Ke6 29. Kf2 d4 30. Bf3 Nb4 31. Ke2 Kd6 32. Kd2 a5 33. h4 Kc5
34. Be2 Nd5 35. f5 Nf4 36. Bb5 h5 37. g5 fxg5 38. hxg5 h4 39. f6 gxf6 40. gxf6
h3 41. f7 Ne6 42. Bf1 h2 43. Bg2 Kb4 44. Bd5 1-0

[Event "AUTO-MASTER-1104"]
[Site "http://www.queenalice.com/game.php?id=767695"]
[Date "2010.4.28"]
[Round "1"]
[White "marat"]
[Black "DenisDiaz"]
[Result "1-0"]
[WhiteElo "2011"]
[BlackElo "2045"]

1. d4 Nf6 2. c4 e6 3. Nc3 d5 4. Bg5 Be7 5. e3 h6 6. Bxf6 Bxf6 7. cxd5 exd5 8.
Nf3 O-O 9. Be2 c6 10. O-O Be6 11. Qb3 Qb6 12. Qc2 Nd7 13. Rac1 Qd8 14. Bd3 Nb6
15. b3 Be7 16. Nb1 Bd6 17. h3 Kh8 18. Rfe1 Qd7 19. h4 Bg4 20. Nbd2 Ba3 21. Rb1
a5 22. Ne5 Qc8 23. Nxg4 Qxg4 24. Nf3 Rae8 25. Bf5 1-0

[Event "AUTO-MASTER-1104"]
[Site "http://www.queenalice.com/game.php?id=767708"]
[Date "2010.4.28"]
[Round "1"]
[White "SirKnight"]
[Black "marat"]
[Result "1-0"]
[WhiteElo "2157"]
[BlackElo "2042"]

1. e4 e5 2. Nf3 Nc6 3. d4 exd4 4. Nxd4 Bc5 5. Be3 Qf6 6. c3 Nge7 7. Be2 O-O 8.
Nxc6 Bxe3 9. Nxe7+ Qxe7 10. fxe3 Qxe4 11. O-O Qxe3+ 12. Kh1 d6 13. Nd2 Be6 14.
Re1 Qb6 15. Qc2 g6 16. Bd3 d5 17. Nf3 c5 18. b3 d4 19. Ng5 Bd5 20. Be4 Bxe4 21.
Rxe4 Qf6 22. Nf3 dxc3 23. Rc4 b6 24. Qxc3 Qxc3 25. Rxc3 Rfe8 26. Rc2 Rad8 27.
Re1 Rxe1+ 28. Nxe1 Rd1 29. Re2 a6 30. Kg1 b5 31. Kf2 c4 32. bxc4 bxc4 33. Rc2
Ra1 34. Nf3 c3 35. Nd4 Kg7 36. Ne2 Rh1 37. h3 1-0

[Event "AUTO-MASTER-1104"]
[Site "http://www.queenalice.com/game.php?id=767709"]
[Date "2010.4.28"]
[Round "1"]
[White "marat"]
[Black "SirKnight"]
[Result "1-0"]
[WhiteElo "2031"]
[BlackElo "2166"]

1. d4 Nf6 2. c4 e6 3. Nf3 b6 4. Nc3 Bb4 5. Qc2 O-O 6. Bg5 h6 7. Bxf6 Qxf6 8. e4
Bb7 9. Bd3 Nc6 10. e5 Qd8 11. a3 Bxc3+ 12. bxc3 d6 13. Be4 Rb8 14. Rd1 d5 15.
cxd5 exd5 16. Bd3 Ne7 17. O-O Bc8 18. h3 Ng6 19. Nh2 Nf4 20. Nf3 Nxd3 21. Qxd3
a5 22. Qe3 Be6 23. Nd2 Qe7 24. f4 c5 25. f5 cxd4 26. cxd4 Bd7 27. Rc1 Qg5 28.
Qxg5 hxg5 29. Rc7 Bb5 30. Rfc1 Bd3 31. Nf3 Bxf5 32. Nxg5 b5 33. g4 Be6 34. Ra7
Rfc8 35. Rxc8+ Rxc8 36. Rxa5 Rb8 37. Kf2 Kf8 38. Kf3 b4 39. axb4 Rxb4 40. Ke3
Rb7 41. Ra6 Ke7 42. Kf4 Rc7 43. Nf3 1-0

[Event "AUTO-MASTER-1104"]
[Site "http://www.queenalice.com/game.php?id=767716"]
[Date "2010.4.28"]
[Round "1"]
[White "worlddomination"]
[Black "marat"]
[Result "0-1"]
[WhiteElo "1861"]
[BlackElo "1915"]

1. e4 e5 2. Nf3 Nc6 3. Bb5 a6 4. Ba4 b5 5. Bb3 Na5 6. O-O Nxb3 7. axb3 d6 8. d4
Bg4 9. dxe5 Bxf3 10. Qxf3 dxe5 11. Nc3 Nf6 12. Bg5 Be7 13. Bxf6 Bxf6 14. Nd5 Be7
15. Qc3 Bd6 16. Qc6+ Kf8 17. Rxa6 Rxa6 18. Qxa6 g6 19. Qxb5 Kg7 20. Ra1 Qh4 21.
f3 Qg5 22. Qe2 h5 23. Qe3 Qxe3+ 24. Nxe3 Bc5 25. Kf2 Rd8 26. Ke2 f6 27. Rd1 Rxd1
28. Nxd1 Kf7 29. Kd3 Ke6 30. c3 Kd6 31. b4 Bg1 32. h3 c6 0-1

[Event "AUTO-MASTER-1104"]
[Site "http://www.queenalice.com/game.php?id=767717"]
[Date "2010.4.28"]
[Round "1"]
[White "marat"]
[Black "worlddomination"]
[Result "1-0"]
[WhiteElo "1900"]
[BlackElo "1876"]

1. d4 Nf6 2. c4 g6 3. e3 Bg7 4. Nc3 O-O 5. Nf3 d6 6. Bd3 Nbd7 7. O-O Re8 8. b3
e5 9. dxe5 dxe5 10. Be2 b6 11. Bb2 Bb7 12. Qc2 Nc5 13. Rad1 Qc8 14. Rd2 Nfe4 15.
Nxe4 Nxe4 16. Rdd1 c5 17. Bd3 f5 18. Bxe4 Bxe4 19. Qe2 Bxf3 20. Qxf3 e4 21. Qe2
Bxb2 22. Qxb2 Qe6 23. Rd5 Rad8 24. Rfd1 Rxd5 25. Rxd5 f4 26. Qd2 f3 27. Rd8 1-0

[Event "AUTO-MASTER-1011"]
[Site "http://www.queenalice.com/game.php?id=780047"]
[Date "2010.5.24"]
[Round "2"]
[White "marat"]
[Black "amand"]
[Result "0-1"]
[WhiteElo "2052"]
[BlackElo "2246"]

1. d4 f5 2. Nf3 e6 3. c4 Nf6 4. Nc3 d5 5. cxd5 exd5 6. e3 c6 7. Bd3 Bd6 8. O-O
O-O 9. Re1 Ne4 10. Bd2 Nd7 11. a3 Ndf6 12. b4 a6 13. Rc1 Nxd2 14. Nxd2 Ne4 15.
f3 Bxh2+ 16. Kxh2 Qh4+ 17. Kg1 Qf2+ 18. Kh2 Rf6 0-1

[Event "AUTO-MASTER-1011"]
[Site "http://www.queenalice.com/game.php?id=780048"]
[Date "2010.5.24"]
[Round "2"]
[White "amand"]
[Black "marat"]
[Result "1-0"]
[WhiteElo "2254"]
[BlackElo "1977"]

1. e4 e5 2. Bc4 Bc5 3. d3 Nf6 4. Be3 Bxe3 5. fxe3 c6 6. Nf3 d5 7. exd5 cxd5 8.
Bb3 Nc6 9. O-O Bg4 10. Qe1 O-O 11. Nbd2 Qb6 12. Kh1 e4 13. dxe4 dxe4 14. Nc4 Qc7
15. Nfd2 b5 16. Na3 a6 17. c3 Na5 18. Bc2 Nc4 19. Naxc4 bxc4 20. Nxe4 Nxe4 21.
Bxe4 Rad8 22. Bxh7+ Kxh7 23. Qh4+ Kg8 24. Qxg4 1-0

[Event "AUTO-MASTER-1011"]
[Site "http://www.queenalice.com/game.php?id=780049"]
[Date "2010.5.24"]
[Round "2"]
[White "marat"]
[Black "Gastaodacunha"]
[Result "0-1"]
[WhiteElo "1908"]
[BlackElo "2198"]

1. d4 e6 2. c4 d5 3. cxd5 exd5 4. Nf3 Bd6 5. g3 Nf6 6. Bg2 O-O 7. O-O c6 8. Bg5
Bf5 9. Nbd2 Nbd7 10. Rc1 Be7 11. Qb3 Qb6 12. Nh4 Bg6 13. Nxg6 hxg6 14. Qxb6 Nxb6
15. Bxf6 Bxf6 16. e3 Rfe8 17. b3 Re7 18. Rfe1 Rae8 19. Nb1 Bxd4 20. Nc3 Bxc3 21.
Rxc3 g5 0-1

[Event "AUTO-MASTER-1011"]
[Site "http://www.queenalice.com/game.php?id=780050"]
[Date "2010.5.24"]
[Round "2"]
[White "Gastaodacunha"]
[Black "marat"]
[Result "1-0"]
[WhiteElo "2201"]
[BlackElo "1904"]

1. d4 d5 2. Bg5 Nf6 3. Nf3 e6 4. e3 Nbd7 5. Bd3 Bd6 6. O-O e5 7. dxe5 Nxe5 8.
Nxe5 Bxe5 9. c3 h6 10. Bh4 Qd6 11. Bg3 Bxg3 12. hxg3 Be6 13. Nd2 O-O-O 14. Qc2
h5 15. Bf5 h4 16. g4 1-0

[Event "AUTO-ADV-1541"]
[Site "http://www.queenalice.com/game.php?id=786642"]
[Date "2010.6.6"]
[Round "2"]
[White "Guilherme_Ottoni"]
[Black "marat"]
[Result "1-0"]
[WhiteElo "1985"]
[BlackElo "2010"]

1. e4 e5 2. Nf3 Nc6 3. Bb5 a6 4. Ba4 b5 5. Bb3 d6 6. O-O Be7 7. d4 exd4 8. Bd5
Bb7 9. Nxd4 Nxd4 10. Bxb7 Ra7 11. Qxd4 Rxb7 12. Nc3 1-0

[Event "AUTO-ADV-1541"]
[Site "http://www.queenalice.com/game.php?id=786643"]
[Date "2010.6.6"]
[Round "2"]
[White "marat"]
[Black "Guilherme_Ottoni"]
[Result "0-1"]
[WhiteElo "1993"]
[BlackElo "2002"]

1. d4 Nf6 2. c4 g6 3. Nc3 d5 4. e3 Bg7 5. Nf3 O-O 6. Bd3 c5 7. O-O cxd4 8. Nxd4
e5 9. Nde2 Be6 10. cxd5 Nxd5 11. Be4 Nxc3 12. Nxc3 Qc8 0-1

[Event "AUTO-ADV-1541"]
[Site "http://www.queenalice.com/game.php?id=786646"]
[Date "2010.6.6"]
[Round "2"]
[White "charles"]
[Black "marat"]
[Result "1-0"]
[WhiteElo "1909"]
[BlackElo "2031"]

1. d4 d5 2. Nf3 Nf6 3. Bg5 e6 4. e3 Be7 5. Nc3 O-O 6. Bd3 c6 7. O-O Nbd7 8. a3
b6 9. Qe2 Bb7 10. Bf4 c5 11. dxc5 Nxc5 12. Nb5 a6 13. Nbd4 Bd6 14. Bxd6 Qxd6 15.
b4 Nce4 16. c4 dxc4 17. Bxc4 1-0

[Event "AUTO-ADV-1541"]
[Site "http://www.queenalice.com/game.php?id=786647"]
[Date "2010.6.6"]
[Round "2"]
[White "marat"]
[Black "charles"]
[Result "0-1"]
[WhiteElo "1924"]
[BlackElo "1930"]

1. d4 d6 2. c4 c6 3. e4 Nf6 4. Nc3 b6 5. Bd3 Na6 6. Nf3 Bg4 7. h3 Bxf3 8. gxf3
g6 9. Bg5 Bg7 10. a3 Qd7 11. b4 Nc7 12. Qc2 Ne6 13. Bxf6 Bxf6 14. e5 Nxd4 15.
Qd1 Bxe5 16. Rb1 Nxf3+ 17. Qxf3 Bxc3+ 18. Kf1 Rc8 0-1